Η ελληνική οικογένεια σε οξεία κρίση - φτώχεια : κοινωνική πολιτική και πραγματικότητα : η περίπτωση των μονογονεϊκών οικογενειών στην Ελλάδα
Αποθηκεύτηκε σε:
| Κύριος συγγραφέας: | |
|---|---|
| Μορφή: | Βιβλίο |
| Γλώσσα: | Greek |
| Δημοσίευση: |
Αθήνα :
Γόρδιος,
2015.
|
| Θέματα: | |
| Ετικέτες: |
Προσθήκη ετικέτας
Δεν υπάρχουν, Καταχωρήστε ετικέτα πρώτοι!
|
MARC
| LEADER | 00000cam a2200000 a 4500 | ||
|---|---|---|---|
| 001 | 1/111886 | ||
| 008 | 160915s2015####gr | ||| |||| ||gre|| | ||
| 020 | |a 9789606826719 | ||
| 040 | |a GR-MyUa |b gre |c GR-MyUa |e AACR2 | ||
| 041 | 0 | |a gre | |
| 082 | 7 | |a 306.8509495 |2 (23) | |
| 100 | 1 | |a Αντωνοπούλου, Διονυσία Φ. | |
| 245 | 1 | 2 | |a Η ελληνική οικογένεια σε οξεία κρίση - φτώχεια : |b κοινωνική πολιτική και πραγματικότητα : η περίπτωση των μονογονεϊκών οικογενειών στην Ελλάδα / |c Διονυσία Φ. Αντωνοπούλου. |
| 260 | |a Αθήνα : |b Γόρδιος, |c 2015. | ||
| 300 | |a 504 σ. ; |c 21 εκ. | ||
| 504 | |a Περιλαμβάνει βιβλιογραφία. | ||
| 650 | 0 | |a Single-parent families |z Greece. | |
| 650 | 0 | |a Family policy |z Greece. | |
| 650 | 0 | |a Poverty |x Government policy |z Greece. | |
| 852 | |a INST |b LESVOS |e 20160915 |h 306.8509495 ΑΝΤ |p 005100058304 |q 005100058304 |t BK |y 0 | ||
| 970 | |a Τζαφέρη |b Ευαγγελία |z 15-09-2016 | ||